000 008320000a22003010004500
003 LK-CoMWRAF
008 230817t ||||| |||| 00| 0 eng d
040 _aLK-CoMWRAF
_dLK-CoMWRAF
_eLK-CoMWRAF
041 _aeng
082 _a156
_bALI
100 _aAli, Maulana Muhammad
245 _aThe Prophet Muhammad
_bThe Living Thiughts of
260 _bAhmadiyya Anjuman Isha'at Islam
_aLahore (Pakistan)
_c
300 _ap.142
650 _aA Brief Sketch of the Prophet's Life
650 _aCharacter Building
650 _aCharity
650 _aFaith in God
650 _aHome Life
650 _aPrayer to God
650 _aThe Dignity of Manhood
650 _aThe Oneness of Humanity
650 _aThe Service of Humanity
650 _aThe State
650 _aWealth
650 _aWork and Labour
942 _cBK
999 _c1178
_d1178